History Quiz

Random History or Country Quiz
Score 0/19 Timer 04:00
0 Plays Today
Country Monarch % Correct
British EmpireVictoria
95.6%
British EmpireElizabeth II
93.2%
FranceLouis XIV
90.8%
British EmpireGeorge III
83.5%
FranceLouis XV
81.3%
Scotland (and England)James VI/James I of Scotland
78%
EnglandHenry III
66.2%
EnglandEdward III
64.4%
Austria-HungaryFranz Joseph I
53.2%
NetherlandsWilhelmina
36.3%
Country Monarch % Correct
DenmarkChristian IV
26.6%
NorwayHarald I
26.4%
NorwayHaakon VII
19.1%
Castile (Spain)Alfonso VIII
12.7%
DenmarkGorm the Old
8.6%
NorwayEric III
5.5%
Aragon (Spain)Jaime I
4.4%
Holy Roman EmpireFriedrich III
3.3%
Holy Roman EmpireHeinrich IV
2.9%
Remove Ads.
Support Sporcle.
Get the best of Sporcle when you Go Orange. This ad-free experience offers more features, more stats, and more fun while also helping to support Sporcle. Thank you for becoming a member.

You're not logged in!

Compare scores with friends on all Sporcle quizzes.
OR
Log In

Sporcle TV

Today on Sporcle TV


Watch our educational content, quiz creation guides, and fun videos on Sporcle TV.

Show Comments

Extras

Top Quizzes Today


Score Distribution

Paid Content

Your Account Isn't Verified!

In order to create a playlist on Sporcle, you need to verify the email address you used during registration. Go to your Sporcle Settings to finish the process.

Report this User

Report this user for behavior that violates our Community Guidelines.

Details: